000 00213nam a2200085Ia 4500
008 200302s9999 xx 000 0 und d
100 _aNigel Cross & Other
245 _aDesigning the Future
260 _bThe Open University
999 _c534
_d534